The politics of usability : a practical guide to designing usable systems in industry

Saved in:
Bibliographic Details
Main Author: Trenner, Lesley 1957-
Other Authors: Bawa, Joanna
Format: Book
Language:English
Published: London ; : New York : Springer, c1998
Series:Practitioner series
Subjects:
Tags: Add Tag
No Tags, Be the first to tag this record!

MARC

LEADER 00000nam a2200000 i 4500
001 1/99947
008 000217s1998 eng d
020 |a 3540761810 
035 |l 10057082 
040 |a GR-MY-UA  |b gre  |e aacr 
041 0 |a eng 
082 0 |a 658.05 
100 0 |a Trenner, Lesley  |d 1957- 
245 1 4 |a The politics of usability :  |b a practical guide to designing usable systems in industry /  |c Lesley Trenner and Joanna Bawa 
260 |a London ; :   |a New York :   |b Springer,   |c c1998 
300 |a xxii, 194 p.;  |b ill.;  |c 24 cm. 
490 1 |a Practitioner series 
504 |a Includes bibliographical references and index 
650 0 0 |a System design. 
650 0 0 |a Management information systems. 
700 0 |a Bawa, Joanna. 
830 0 |a Practitioner series 
852 |a INST  |b SAMOS  |e 20000217  |h 658.05 TRE  |p 005300015780  |q 005300015780  |t BK  |y 0 
901 |a BIBL3-2000-1 
909 |a Σ  |b 072800 
922 |a 3ΕΛΗ  |b 199912  |c ΤΠΕΣ  |d ΠΑΠΑΣΩΤΗΡΙΟΥ 
950 |a 133-1999-07-20 
970 |a ΠΟΥΡΝΑΡΑΣ  |b ΔΗΜΗΤΡΗΣ  |z 2000/02/17